| 000 | 00636nam a2200169Ia 4500 | ||
|---|---|---|---|
| 008 | 090711s9999 xx 000 0 und d | ||
| 082 | _b52970 | ||
| 100 | _aघैसास दिवाकर अ. | ||
| 245 | _aश्रीगुरुSारित्रकथामgत | ||
| 260 |
_bकेशव भिकाजी ढवळे _c1986 |
||
| 300 | _a729 | ||
| 600 | _aघैसास दिवाकर अ. | ||
| 630 | _aश्रीगुरुSारित्रकथामgत | ||
| 700 | _aघैसास दिवाकर अ. | ||
| 730 | _aश्रीगुरुSारित्रकथामgत | ||
| 942 | _cBOOK | ||
| 999 |
_c325917 _d325917 |
||